000 00301nam a2200133 i 4500
001 bg
100 1 _aREINDERS, Heinz
245 0 _aMensch und klima /
_cHeinz Reinders.
260 _aDusseldorf,
_c1969.
040 _cBPK
041 _apol
942 _cKS
008 s pl f |000 0 pol
999 _c18005
_d18005
856 _uhttp://koha.tu.koszalin.pl/cgi-bin/koha/opac-detail.pl?biblionumber=18005
_yKatalog online BPK